[Event "Portoroz/Ljubljana"]
[Site "Ljubljana"]
[Date "1975.??.??"]
[Round "1"]
[White "Barle, Janez"]
[Black "Parma, Bruno"]
[Result "1/2-1/2"]
[WhiteElo "2330"]
[BlackElo "2510"]

1.Nf3 Nf6 2.g3 c5 3.Bg2 Nc6 4.O-O g6 5.c4 Bg7 6.d4 cxd4 7.Nxd4 O-O 8.Nc3 d6
9.Nxc6 bxc6 10.Qa4 Bd7 11.Bxc6 Bxc6 12.Qxc6 Qc8 13.Nd5 Nxd5 14.Qxd5 Rb8 15.Rb1 Qa6
16.a3 Rb3  1/2-1/2

[Event "Portoroz/Ljubljana"]
[Site "Ljubljana"]
[Date "1975.??.??"]
[Round "2"]
[White "Parma, Bruno"]
[Black "Ljubojevic, Ljubomir"]
[Result "1/2-1/2"]
[WhiteElo "2510"]
[BlackElo "2615"]

1.e4 e6 2.d4 d5 3.Nd2 b6 4.Ngf3 Nf6 5.Bd3 Be7 6.O-O dxe4 7.Nxe4 Bb7 8.Qe2 O-O
9.Rd1 Nbd7 10.c4 Re8 11.Bf4 Qc8 12.Ne5 Nxe4 13.Bxe4 Nxe5 14.Bxe5  1/2-1/2

[Event "Portoroz/Ljubljana"]
[Site "Ljubljana"]
[Date "1975.??.??"]
[Round "5"]
[White "Hort, Vlastimil"]
[Black "Furman, Semen Abramovich"]
[Result "0-1"]
[WhiteElo "2600"]
[BlackElo "2560"]

1.e4 c5 2.Nf3 Nc6 3.d4 cxd4 4.Nxd4 e6 5.Nb5 d6 6.c4 Nf6 7.N1c3 a6 8.Na3 Be7
9.Be2 O-O 10.O-O b6 11.Be3 Bb7 12.Rc1 Re8 13.Qb3 Nd7 14.Rfd1 Nc5 15.Qc2 Qc7
16.Nab1 Nb4 17.Qd2 Rad8 18.Qe1 Bf6 19.Bf1 Qb8 20.a3 Nc6 21.b4 Nd7 22.Qd2 Be7
23.f3 Rc8 24.Qf2 Nce5 25.Nd2 Ba8 26.Na4 Rc6 27.Nb3 Rec8 28.Nb2 R6c7 29.Kh1 Qb7
30.Rd2 b5 31.Rdc2 d5 32.exd5 exd5 33.Na5 Qb8 34.c5 Bf6 35.Nd3 Nxd3 36.Bxd3 Ne5
37.Bf1 Re8 38.Bd4 Qd8 39.Re2 Rce7 40.Qg3 Re6 41.Rd1 Nc4 42.Rxe6 fxe6 43.Bxf6 Qxf6
44.Nxc4 bxc4 45.Qd6 e5 46.Rxd5 Bxd5 47.Qxd5+ Kf8 48.c6 Rc8 49.Qc5+ Ke8 50.c7 Kd7
51.Bxc4 Rxc7 52.Qd5+ Qd6 53.Qf7+ Kc6 54.b5+ Kb6  0-1

[Event "Portoroz/Ljubljana"]
[Site "Ljubljana"]
[Date "1975.??.??"]
[Round "5"]
[White "Mariotti, Sergio"]
[Black "Karnar, Marijan"]
[Result "1-0"]
[WhiteElo "2495"]
[BlackElo "2200"]

1.d4 Nf6 2.c4 c5 3.d5 e6 4.Nc3 exd5 5.cxd5 d6 6.e4 g6 7.Bd3 Bg7 8.Nge2 O-O
9.O-O b6 10.f4 Nbd7 11.Ng3 a6 12.a4 Qc7 13.Bc4 Ne8 14.Re1 Qb8 15.Kh1 Ra7
16.Be3 Kh8 17.Qd3 Ndf6 18.h3 Ng8 19.Bd2 Nh6 20.e5 f5 21.e6 Ng8 22.Rab1 a5
23.Nb5 Re7 24.Nf1 Bb7 25.Ne3 Ngf6 26.Rf1 Qd8 27.Be1 Ne4 28.Nc3 N8f6 29.Bh4 h6
30.Kh2 Rg8 31.g4 Rxe6 32.gxf5 gxf5 33.Nxf5 Nxc3 34.bxc3 Ree8 35.Rg1 Ref8
36.Nxg7 Rxg7 37.Rxg7 Kxg7 38.Rg1+  1-0

[Event "Portoroz/Ljubljana"]
[Site "Ljubljana"]
[Date "1975.??.??"]
[Round "7"]
[White "Mariotti, Sergio"]
[Black "Osterman, Rudolf"]
[Result "1-0"]
[WhiteElo "2495"]
[BlackElo "2300"]

1.e4 e5 2.Nf3 Nc6 3.Bc4 Be7 4.d4 d6 5.h3 Nf6 6.Nc3 O-O 7.O-O Nxe4 8.Nxe4 d5
9.Bxd5 Qxd5 10.Nc3 Qd6 11.dxe5 Nxe5 12.Nxe5 Qxe5 13.Re1 Qc5 14.Be3 Qf5 15.Nd5 Bd6
16.Bf4 Qg6 17.Re3 Kh8 18.Rg3 Qe4 19.Bxd6 cxd6 20.Re3 Qg6 21.Qd4 Bd7 22.Rg3 Qh6
23.Rd1 Rfd8 24.Rdd3 Bf5 25.Rdf3 Bg6 26.Ne3 f6 27.Rf4 Re8 28.Rh4 Bh5 29.Kh2  1-0

[Event "Portoroz/Ljubljana"]
[Site "Ljubljana"]
[Date "1975.??.??"]
[Round "8"]
[White "Portisch, Lajos"]
[Black "Gligoric, Svetozar"]
[Result "1-0"]
[WhiteElo "2635"]
[BlackElo "2575"]

1.d4 Nf6 2.c4 g6 3.Nc3 Bg7 4.e4 d6 5.Be2 O-O 6.Bg5 h6 7.Be3 e5 8.d5 Nbd7
9.Qd2 Nc5 10.f3 Nh7 11.h4 h5 12.O-O-O f5 13.exf5 Bxf5 14.g4 hxg4 15.fxg4 Ne4
16.Nxe4 Bxe4 17.Rh2 Qd7 18.Nh3 Qa4 19.Nf2 Bf3 20.Kb1 e4 21.Rc1 Qe8 22.g5 Qe5
23.Ng4 Qf5 24.Rg1 Kh8 25.h5 gxh5 26.Rxh5 Rae8 27.Qc2 Qg6 28.Rh4 Kg8 29.Bxf3 Rxf3
30.Qh2 Qf5 31.Qh1 Rxe3 32.Nxe3 Qf2 33.Nd1 Qf5 34.Qh3 Qxh3 35.Rxh3 Re5 36.Rhg3 b5
37.b3 bxc4 38.bxc4 Nf8 39.Ne3 Nd7 40.Rf1 Re8 41.Ng4 Be5 42.Nf6+ Nxf6 43.gxf6+ Bxg3
44.f7+ Kf8 45.fxe8=Q+ Kxe8 46.Kc2 Kd7 47.Kd2 Kc8 48.Ke3 Be5 49.Kxe4 Bc3 50.Kf5  1-0

[Event "Portoroz/Ljubljana"]
[Site "Ljubljana"]
[Date "1975.??.??"]
[Round "8"]
[White "Parma, Bruno"]
[Black "Mariotti, Sergio"]
[Result "1-0"]
[WhiteElo "2510"]
[BlackElo "2495"]

1.e4 c5 2.Nf3 d6 3.Nc3 a6 4.d4 cxd4 5.Nxd4 Nf6 6.Bg5 e6 7.f4 Be7 8.Qf3 h6
9.Bh4 Qc7 10.O-O-O Nbd7 11.Bd3 g5 12.fxg5 Ne5 13.Qe2 Nh7 14.Nf3 hxg5 15.Bf2 Bd7
16.h4 Rg8 17.hxg5 Nxg5 18.Be3 O-O-O 19.Rh5 Ngxf3 20.gxf3 Rg3 21.f4 Nxd3+
22.cxd3 d5 23.Kb1 Bc6 24.exd5 exd5 25.Bd4 Qd7 26.Rc1 Kb8 27.Bf2 Rg2 28.Qe5+ Ka8
29.Qd4 b6 30.Qxb6 Qb7 31.Qxb7+ Kxb7 32.Bd4 Bb4 33.Rc2 Rg3 34.Rd2 Bxc3 35.bxc3 Re8
36.Kb2 Kc7 37.Rh7 Re7 38.Bf6 Rd7 39.Be5+ Kb6 40.Rh6 Rg6 41.Rxg6 fxg6 42.Rg2 d4
43.Rxg6 dxc3+ 44.Kxc3 Kc5 45.Bd4+ Kd5 46.Rg5+ Ke6 47.Ra5 Bb7 48.f5+ Kd6 49.Be5+ Kc6
50.Ra4 Rf7 51.f6 Kd5 52.Ra5+ Ke6 53.d4 Rh7 54.Ra4 Rh1 55.Rb4 Rh3+ 56.Kd2 Rh7
57.Rb6+ Kf5 58.Kc3 a5 59.Rb5 a4 60.Bc7+  1-0

[Event "Portoroz/Ljubljana"]
[Site "Ljubljana"]
[Date "1975.??.??"]
[Round "9"]
[White "Karnar, Marijan"]
[Black "Portisch, Lajos"]
[Result "0-1"]
[WhiteElo "2200"]
[BlackElo "2635"]

1.e4 c5 2.Nf3 Nc6 3.d4 cxd4 4.Nxd4 Qc7 5.Nc3 e6 6.Be2 a6 7.Be3 Nf6 8.O-O Be7
9.f4 d6 10.Qe1 O-O 11.Qg3 Kh8 12.Rad1 Bd7 13.f5 Ne5 14.Kh1 b5 15.a3 Nc4 16.Bc1 e5
17.Nb3 Bc6 18.Bf3 Rac8 19.Qe1 Nd7 20.Rd3 Qd8 21.Nd5 Bxd5 22.Rxd5 Bg5 23.c3 Bxc1
24.Qxc1 Qb6 25.Re1 Nf6 26.Rdd1 Rfe8 27.Na1 d5 28.Nc2 dxe4 29.Be2 Rcd8 30.b3 Na5
31.b4 Nc4 32.Qg5 Rxd1 33.Bxd1 Qf2 34.h3 h6 35.Qc1 Rd8  0-1

[Event "Portoroz/Ljubljana"]
[Site "Ljubljana"]
[Date "1975.??.??"]
[Round "9"]
[White "Mariotti, Sergio"]
[Black "Furman, Semen Abramovich"]
[Result "0-1"]
[WhiteElo "2495"]
[BlackElo "2560"]

1.e4 c5 2.Nf3 e6 3.d4 cxd4 4.Nxd4 a6 5.Bd3 Nf6 6.O-O d6 7.Nc3 Nc6 8.Be3 Ne5
9.h3 b5 10.f4 Nxd3 11.cxd3 Bb7 12.Qb3 Rb8 13.f5 e5 14.Nc2 Be7 15.Ba7 Ra8
16.Bf2 O-O 17.Rfd1 Qd7 18.a4 d5 19.axb5 axb5 20.Rxa8 Rxa8 21.Bh4 d4 22.Bxf6 Bxf6
23.Nb1 g6 24.Rf1 Bg5 25.Nba3 Bf4 26.fxg6 hxg6 27.Qxb5 Qxb5 28.Nxb5 Ba6 29.Ra1 Rc8
30.Rxa6 Rxc2 31.Nd6 Bg3 32.Ra1 Rd2 33.b4 Rxd3 34.Rb1 Re3 35.b5 d3 36.Nc4 Rxe4
37.Nd2 Re2 38.Nf1 Bf2+ 39.Kh2 Bb6 40.Ng3 Rc2 41.Rd1 d2 42.Ne4 Ba5 43.b6 Rb2
44.Nxd2 Bxd2 45.b7 Bf4+  0-1

[Event "Portoroz/Ljubljana"]
[Site "Ljubljana"]
[Date "1975.??.??"]
[Round "11"]
[White "Portisch, Lajos"]
[Black "Osterman, Rudolf"]
[Result "1/2-1/2"]
[WhiteElo "2635"]
[BlackElo "2300"]

1.d4 d5 2.c4 dxc4 3.Nf3 Nf6 4.e3 Bg4 5.Bxc4 e6 6.O-O a6 7.Nc3 Nc6 8.h3 Bh5
9.Be2 Bd6 10.b3 O-O 11.Bb2 Qe8 12.Nd2 Bg6 13.Nc4 Bb4 14.a3 Bxc3 15.Bxc3 Nd5
16.Qc1 Qe7 17.Rd1 Rad8 18.Be1 e5 19.dxe5 Nxe5 20.Qb2 Nc6 21.Rac1 Rd7 22.Bg4 f5
23.Bf3 Bf7 24.Rc2 Rfd8 25.Rdc1 h6 26.b4 b5 27.Na5 Ne5 28.Be2 f4 29.e4 f3
30.exd5 Qg5 31.Bf1 Nd3 32.Bd2 Qg6 33.Qc3 Nxc1 34.Rxc1 Bxd5 35.g3 Be4 36.Bf4 Kh7
37.Nb3 Rd1 38.Nc5 Rxc1 39.Qxc1 Bc2 40.Qe3 Qc6 41.Qc3 Bg6 42.Bc1 Qf6 43.Qb3 Qf5
44.h4 Qb1 45.h5 Bc2 46.Qxf3 Qxc1 47.Kg2 Qd1 48.Be2 Qd2 49.Kh2 Re8 50.Bf1 Qg5
51.Bh3 Qf6 52.Qxf6 gxf6 53.Nxa6 c6 54.Nc5 Re2 55.Kg2 Kg7 56.Bd7 Re5 57.g4 Be4+  1/2-1/2

[Event "Portoroz/Ljubljana"]
[Site "Ljubljana"]
[Date "1975.??.??"]
[Round "12"]
[White "Furman, Semen Abramovich"]
[Black "Karnar, Marijan"]
[Result "1/2-1/2"]
[WhiteElo "2560"]
[BlackElo "2200"]

1.d4 Nf6 2.c4 c5 3.d5 g6 4.Nc3 Bg7 5.e4 d6 6.Nf3 O-O 7.h3 e5 8.Bg5 h6 9.Be3 Kh7
10.g4 a6 11.Bd3 Qa5 12.Nd2 Ne8 13.a3 Qc7 14.b4 Nd7 15.Qc1 b6 16.f3 Ndf6 17.Nf1 Bd7
18.Rh2 Qc8 19.Rb1 Ng8 20.Ng3 Ne7 21.bxc5 bxc5 22.Rhb2 Qd8 23.Rh2 Rb8 24.Rxb8 Qxb8
25.h4 Qc7 26.h5 g5 27.Rb2 Nf6 28.Qb1 Ra8 29.Bd2 Ra7 30.Bc2 Bc8 31.Na4 Nd7
32.Nb6 Nxb6 33.Ba5 Rb7 34.Bxb6 Qb8 35.Ba4 Bxg4 36.Bc6 Bxf3 37.Bxb7 Qxb7 38.Kf2 g4
39.Ba5 Qd7 40.Rb7 Qa4 41.Bd8 Qxc4 42.Bxe7 Qd4+ 43.Kf1 Qc4+ 44.Ke1 Qc3+  1/2-1/2

[Event "Portoroz/Ljubljana"]
[Site "Ljubljana"]
[Date "1975.??.??"]
[Round "13"]
[White "Planinec, Albin"]
[Black "Musil, Vojko"]
[Result "1-0"]
[WhiteElo "2535"]
[BlackElo "2430"]

1.e4 c5 2.Nf3 e6 3.d4 cxd4 4.Nxd4 a6 5.Be2 Nf6 6.Nc3 Qc7 7.O-O Bb4 8.Qd3 Nc6
9.Kh1 Nxd4 10.Qxd4 Bc5 11.Qd3 b5 12.f4 Bb7 13.Bf3 b4 14.e5 bxc3 15.exf6 gxf6
16.Qxc3 Bxf3 17.Rxf3 Ke7 18.b3 Bd6 19.Qd2 Rhg8 20.Bb2 Rg4 21.Rd1 Rag8 22.g3 Bc5
23.Qc3 Qb6 24.Qxf6+ Ke8 25.c4 Qb7 26.Rd3 h5 27.Qe5 d6 28.Qxh5 Qe4 29.Qh3 Rxf4
30.Qf1 Rf5 31.Kg2 Rg6 32.Bc3 Rh5 33.Qe1 Qb7 34.b4 Rgh6 35.h4 Bb6 36.Bd2 Rg6
37.Bg5 f6 38.Qxe6+ Qe7 39.Qxe7+ Kxe7 40.Bf4 Rxh4 41.Bxd6+ Ke6 42.c5  1-0

[Event "Portoroz/Ljubljana"]
[Site "Ljubljana"]
[Date "1975.??.??"]
[Round "14"]
[White "Garcia Martinez, Silvino"]
[Black "Parma, Bruno"]
[Result "1/2-1/2"]
[WhiteElo "2445"]
[BlackElo "2510"]

1.e4 e5 2.Nf3 Nc6 3.Bb5 a6 4.Ba4 Nf6 5.O-O Be7 6.Re1 b5 7.Bb3 d6 8.c3 O-O
9.h3 Nb8 10.d4 Nbd7 11.Nbd2 Bb7 12.Bc2 Re8 13.Nf1 Bf8 14.Ng3 g6 15.a4 Bg7
16.Bg5 h6 17.Bd2 c5 18.d5 Nb6 19.a5  1/2-1/2

[Event "Portoroz/Ljubljana"]
[Site "Ljubljana"]
[Date "1975.??.??"]
[Round "14"]
[White "Hort, Vlastimil"]
[Black "Ribli, Zoltan"]
[Result "1/2-1/2"]
[WhiteElo "2600"]
[BlackElo "2520"]

1.c4 c5 2.Nc3 g6 3.g3 Bg7 4.Bg2 Nc6 5.e3 e6 6.Nge2 Nge7 7.O-O O-O 8.d4 cxd4
9.Nxd4 d5 10.cxd5 Nxd5 11.Nxd5 Nxd4 12.exd4 exd5 13.Be3 Be6 14.Qb3  1/2-1/2